00331nam a2200109Ia 4500008004100000082000800041100002200049245003400071942000600105952009500111999001500206240331s9999 xx 000 0 und d bPAR aParameswaran, P.R 0aMarksiya arasiya sinthanaigal cL 001040708LaWERCLbWERCLcSSCd2024-03-31l0o 335 PARp1189r2024-03-31w2024-03-31yL c3590d3590